000 00641nam a2200205 i 4500
001 13230
003 ES-MaACL
005 20230906150528.0
007 t|
008 930329s1984 sp ||||0| spa d
020 _a84-7232-326-9
080 _a869.0-14"19"
100 1 _aTorga, Miguel.
_9110634
245 1 0 _aPoemas ibéricos /
_cMiguel Torga ; traducción, prólogo, notas, cronología y bibliografía por Pilar Vázquez Cuesta.
260 _aMadrid :
_bCultura Hispánica,
_c[1984]
300 _a173 p. ;
_c20 cm.
504 _aBibliografía: p. 161-166.
700 1 _aVázquez Cuesta, Pilar.
_9113409
852 _aES-MaACL
_jL-20534
999 _c13230
_d13230